000 00481nam a2200157 i 4500
001 bg
245 0 _aZadanie, metoda, rozwiązanie /
_cpod red. Andrzeja Góralskiego.
260 _aWarszawa :
_bWydawnictwa Naukowo-Techniczne,
_c1980.
490 1 _aTechniki Twórczego Myślenia ;
_v3
700 1 _aGóralski, Andrzej
_d(1936- ).
_eRed.
830 _aTechniki Twórczego Myślenia ;
040 _cBPK
041 _apol
942 _cKS
008 s pl f |000 0 pol
999 _c19348
_d19348
856 _uhttp://koha.tu.koszalin.pl/cgi-bin/koha/opac-detail.pl?biblionumber=19348
_yKatalog online BPK